| 000 | 00586nam a22002057a 4500 | ||
|---|---|---|---|
| 005 | 20251108164148.0 | ||
| 008 | 250721s2002 xx 000 0 ara d | ||
| 082 | 1 | 4 | _a419/عما |
| 100 | 1 | _aعمايرة، إسماعيل | |
| 245 | 1 | 0 | _aالمستشرقون و المناهج اللغوية / |
| 250 | _aط3. | ||
| 264 | 1 |
_aعمان : _bدار وائل، _c2002. |
|
| 300 | _a205ص | ||
| 650 | 1 | 7 | _aاللغة العربية |
| 650 | 1 | 7 | _aالمناهج |
| 650 | 1 | 7 | _aالإستشراق و المستشرقون |
| 650 | 1 | 7 | _aالتاريخ |
| 942 |
_2ddc _cBK |
||
| 999 |
_c5190 _d5190 |
||